| 000 | 00451 a2200157 4500 | ||
|---|---|---|---|
| 000 | BKB | ||
| 001 | 068642 | ||
| 005 | 20200902150118.0 | ||
| 008 | |||
| 082 |
_a338.18 _bN82A |
||
| 100 | 1 | _aNorton, Roger D. | |
| 245 | 1 |
_aAgricultural development policy _cby Roger D. Norton |
|
| 260 |
_aJaipur _bRawat Publications _c2006 |
||
| 300 | _a528p. | ||
| 690 | _aAgriculture and state; Sustainable agriculture | ||
| 999 |
_c2297 _d2297 |
||